Hindu colonies in the Far East / (Record no. 22280)

MARC details
000 -LEADER
fixed length control field 00787cam a22002651 4500
001 - CONTROL NUMBER
control field 10324832
003 - CONTROL NUMBER IDENTIFIER
control field BDDh-ASL
005 - DATE AND TIME OF LATEST TRANSACTION
control field 20231015030118.0
008 - FIXED-LENGTH DATA ELEMENTS--GENERAL INFORMATION
fixed length control field 741030s1963 xx 000 0 eng
010 ## - LIBRARY OF CONGRESS CONTROL NUMBER
LC control number sa 64002352
035 ## - SYSTEM CONTROL NUMBER
System control number (OCoLC)1061920
040 ## - CATALOGING SOURCE
Original cataloging agency DLC
Transcribing agency MBU
Modifying agency DLC
-- BDDh-ASL
042 ## - AUTHENTICATION CODE
Authentication code premarc
050 00 - LIBRARY OF CONGRESS CALL NUMBER
Classification number DS511
Item number .M32 1963
082 ## - DEWEY DECIMAL CLASSIFICATION NUMBER
Classification number 954
Item number MAH
100 1# - MAIN ENTRY--PERSONAL NAME
Personal name Majumdar, R. C.
Fuller form of name (Ramesh Chandra),
Dates associated with a name 1888-1980.
245 10 - TITLE STATEMENT
Title Hindu colonies in the Far East /
250 ## - EDITION STATEMENT
Edition statement [2d rev. & enl. ed.]
260 ## - PUBLICATION, DISTRIBUTION, ETC.
Place of publication, distribution, etc. Calcutta :
Name of publisher, distributor, etc. Firma K.L. Mukhopadhyay
Date of publication, distribution, etc. [1963]
300 ## - PHYSICAL DESCRIPTION
Extent xii, 280 p. :
Other physical details illus., fold. map.
Dimensions 22 cm.
651 #0 - SUBJECT ADDED ENTRY--GEOGRAPHIC NAME
Geographic name East Asia
General subdivision Colonization.
651 #0 - SUBJECT ADDED ENTRY--GEOGRAPHIC NAME
Geographic name India
General subdivision Colonies.
906 ## - LOCAL DATA ELEMENT F, LDF (RLIN)
a 7
b cbc
c oclcrpl
d u
e ncip
f 19
g y-gencatlg
942 ## - ADDED ENTRY ELEMENTS (KOHA)
Source of classification or shelving scheme Dewey Decimal Classification
Koha item type Books
Holdings
Withdrawn status Lost status Source of classification or shelving scheme Damaged status Not for loan Collection code Home library Current library Shelving location Date acquired Source of acquisition Total Checkouts Full call number Barcode Date last seen Copy number Price effective from Koha item type Public note
    Dewey Decimal Classification     Non-fiction Asiatic Society Library Asiatic Society Library General Stacks 02/24/2021 ASB Library Collections   954 MAH 106481 02/24/2021 C-1 02/24/2021 Books RARE

Powered by Koha